Catálogo - Centro de Recursos para el Aprendizaje y la Investigación

Volver al Sitio - CRAI Biblioteca

Deliberate practice in accelerated experiential dynamic psychotherapy / (Registro nro. 114037)

Detalles MARC
000 -CABECERA
campo de control de longitud fija 01224nam#a2200301 4500
001 - NÚMERO DE CONTROL
campo de control 114037
003 - IDENTIFICADOR DEL NÚMERO DE CONTROL
campo de control DR-UNIBE
005 - FECHA Y HORA DE LA ÚLTIMA TRANSACCIÓN
campo de control 20250807153330.0
008 - DATOS DE LONGITUD FIJA--INFORMACIÓN GENERAL
campo de control de longitud fija 250807s2023 xxu s 0 eng d
020 ## - NÚMERO INTERNACIONAL ESTÁNDAR DEL LIBRO
Número Internacional Estándar del Libro 9781433842900
040 ## - FUENTE DE LA CATALOGACIÓN
Centro catalogador/agencia de origen BIBLIOTECA UNIBE
Centro/agencia transcriptor BIBLIOTECA UNIBE
Normas de descripción rda
041 ## - CÓDIGO DE LENGUA
Código de lengua del texto/banda sonora o título independiente eng
082 ## - NÚMERO DE LA CLASIFICACIÓN DECIMAL DEWEY
Número de clasificación 616.89 L657d 2025
245 13 - MENCIÓN DE TÍTULO
Título Deliberate practice in accelerated experiential dynamic psychotherapy /
Mención de responsabilidad, etc. Natasha C. N. Prenin [y otros tres]
260 ## - PUBLICACIÓN, DISTRIBUCIÓN, ETC.
Lugar de publicación, distribución, etc. Washington, DC :
Nombre del editor, distribuidor, etc. American Psychological Association,
Fecha de publicación, distribución, etc. 2025
300 ## - DESCRIPCIÓN FÍSICA
Extensión xi, 246 páginas :
Otras características físicas ilustraciones
490 ## - MENCIÓN DE SERIE
Mención de serie Essentials of deliberate practice series
500 ## - NOTA GENERAL
Nota general La biblioteca posee la versión electrónica
505 ## - NOTA DE CONTENIDO CON FORMATO
Nota de contenido con formato PART I. OVERVIEW AND INSTRUCTIONS |<br/>PART II. DELIBERATE PRACTICE EXERCISES FOR PSYCHODYNAMIC THERAPY SKILLS |<br/>PART III. STRATEGIES FOR ENHANCING THE DELIBERATE PRACTICE EXERCISES |
650 #7 - PUNTO DE ACCESO ADICIONAL DE MATERIA--TÉRMINO DE MATERIA
Término de materia o nombre geográfico como elemento de entrada Psicoterapia
Fuente del encabezamiento o término lemb
650 #7 - PUNTO DE ACCESO ADICIONAL DE MATERIA--TÉRMINO DE MATERIA
Término de materia o nombre geográfico como elemento de entrada Psicología
Fuente del encabezamiento o término lemb
653 00 - TÉRMINO DE INDIZACIÓN--NO CONTROLADO
Término no controlado Formación de psicoterapeutas
700 ## - PUNTO DE ACCESO ADICIONAL--NOMBRE DE PERSONA
Nombre de persona Prenn, Natasha C. N.
Término indicativo de función/relación autor
9 (RLIN) 198269
700 ## - PUNTO DE ACCESO ADICIONAL--NOMBRE DE PERSONA
Nombre de persona Levenson, Hanna
9 (RLIN) 198084
Término indicativo de función/relación autor
700 ## - PUNTO DE ACCESO ADICIONAL--NOMBRE DE PERSONA
Nombre de persona Vaz, Alexandre
Término indicativo de función/relación autor
9 (RLIN) 198270
700 ## - PUNTO DE ACCESO ADICIONAL--NOMBRE DE PERSONA
Nombre de persona Rousmaniere, Tony
Término indicativo de función/relación autor
9 (RLIN) 198271
942 ## - ELEMENTOS DE PUNTO DE ACCESO ADICIONAL (KOHA)
Fuente del sistema de clasificación o colocación Sistema de Clasificación Decimal Dewey
Tipo de ítem Koha Libro (general)
Existencias
Estado de retiro Estado de pérdida Fuente del sistema de clasificación o colocación No para préstamo Código de colección Localización permanente Ubicación en estantería Fecha de adquisición Total de préstamos Signatura topográfica completa Código de barras Fecha visto por última vez Número de copia Precio válido a partir de Tipo de ítem Koha
  Disponible Sistema de Clasificación Decimal Dewey   Reserva Biblioteca Central UNIBE Área de exhibición 07/08/2025   616.89 L657d 2025 250976 07/08/2025 Ej. 1 07/08/2025 Libro (reserva)